000 00779nam a2200253 a 4500
003 PILC
005 20160216100621.0
008 110104s19uu xx 00 eng d
020 _a9780071484992
050 _aBF 774
_b.In54 2008
100 _aPatterson, Kerry.
245 _aInfluencer :
_bthe power to change anything /
_cKerry Patterson, Joseph Grenny, David Maxfield, Ron McMillan, Al Switzler.
260 _aUSA :
_bVitalSmart,
_c2008.
300 _a297 pages ;
_c26 cm.
500 _aIncludes bibliographical references and index.
650 _aInfluence (Psychology).
700 _aKerry Patterson.
700 _aJoseph Grenny.
700 _aDavid Maxfield.
700 _aRon McMillan.
700 _aAl Switzler.
942 _cBK
_2lcc
_kFOR
999 _c24293
_d24293